[Event "Helsingor Xtracon op"]
[Site "Helsingor"]
[Date "2016.07.24"]
[Round "2"]
[White "Andberg, Tor Arne Heim"]
[Black "Dauth, Benjamin"]
[Result "0-1"]
[WhiteElo "1727"]
[BlackElo "2367"]
[PlyCount "51"]
[EventDate "2016.07.23"]
[EventType "swiss"]
[EventRounds "10"]
[EventCountry "DEN"]
[SourceTitle "CBM 173 Extra"]
[Source "ChessBase"]
[SourceDate "2016.08.29"]
[SourceVersion "1"]
[SourceVersionDate "2016.08.29"]
[SourceQuality "1"]

1. e4 e5 2. Nf3 Nc6 3. Bb5 Bc5 4. 0-0 Qf6 5. Bxc6 dxc6 6. h3 Ne7 7. c3 Ng6 8. d4 Bb6 9. Bg5 Qd6 10. a4 h6 11. Be3 a5 12. Re1 0-0 13. Nbd2 exd4 14. Bxd4 Nf4 15. Nf1 Rd8 16. N3d2 Qg6 17. Ng3 Bxd4 18. cxd4 Rxd4 19. Qc2 Be6 20. Nf3 Rb4 21. Qd2 Qf6 22. e5 Nxh3+ 23. Kh2 Qf4 24. Qxf4 Nxf4 25. Re4 Bd5 26. Rxf4 0-1